000 00394 a2200145 4500
005 20250619143708.0
020 _a978-1-4129-2126-8
082 _a300.72 PUN
100 _aPUNCH, K . F.
245 _aDeveloping Effective Research Proposals.
250 _a2nd Ed
260 _aLondon,
_bSage,
_c2006.
300 _aix, 164p.: ill.; figure,
_bGlossary, Index & References,
_c24cm.
942 _2ddc
_cBKS
999 _c274
_d274